000 00489nam a2200169Ia 4500
999 _c10165
_d10165
003 OSt
005 20200130155707.0
008 190216s9999||||xx |||||||||||||| ||und||
020 _a8170140978
040 _coclc
082 _a346.086
_bRAM/M
100 _aRam, B
_91052
245 0 _aModel Answers Practice And Law Of Banking /
_cB Ram
260 _bPremier Book Company,
_c1996.
_aNew Delhi:
300 _a391p
942 _cBK
_2ddc
_h346.086
_iRAM/M
_k346.086
_mRAM/M